| 000 | 00698nam a2200265Ia 4500 | ||
|---|---|---|---|
| 003 | OSt | ||
| 005 | 20221006155010.0 | ||
| 006 | a|||||r|||| 00| 0 | ||
| 007 | ta | ||
| 008 | 221006b |||||||| |||| 00| 0 chi d | ||
| 020 |
_a9787020022359 _cYuan 21.00 |
||
| 024 | _a39,932 | ||
| 037 | _cTextual | ||
| 040 |
_aEASL _cEASL _bchi |
||
| 041 |
_2chi _achi |
||
| 082 | _aO41xN, N6 | ||
| 100 |
_aDeng Youmei _9668084 |
||
| 245 | 0 | _aZhongguo Dangdai Zuojia Xuanji Congshu | |
| 260 |
_aBeijing _bRenmin Wenxue Chubanshe China _c1996 |
||
| 300 |
_a458p. _ccm. |
||
| 490 | _v CL | ||
| 650 |
_aCL _9642733 |
||
| 942 |
_hO41xN, N6 _cTEXL _2CC |
||
| 999 |
_c1108018 _d1108018 |
||